000 00869nab a2200253 u 4500
001 13957
003 HDC
007 cr bn ---aaaaa
008 210214c xx dr|noo 0 a eng d
040 _aHDC
100 _aGHULAM ABBAS,
_eauthor
_94923
245 0 _aHalal Food Authority remains on papers for two years /
_cby GHULAM ABBAS
260 _a[No place] :
_b[publisher not identified],
_c[no date]
336 _atext
_2rdacontent
337 _acomputer
_2rdamedia
338 _aonline resource
_2rdacarrier
650 _aHalal food industry
_zPakistan
_97217
650 _aIslamic law
_9590
710 _aPakistan Today
856 _zRequest full-text at [email protected]
942 _2lcc
942 _cNEWS
942 _kNWSO 001837
999 _c11273
_d11273